Normal view MARC view
  • United Kingdom

Entry Corporate Name

Number of records used in: 1

001 - CONTROL NUMBER

  • control field: 5539

003 - CONTROL NUMBER IDENTIFIER

  • control field: SIRSI

005 - DATE AND TIME OF LATEST TRANSACTION

  • control field: 20190806150243.0

008 - FIXED-LENGTH DATA ELEMENTS

  • fixed length control field: 080429n| acannaabn |n ana d

040 ## - CATALOGING SOURCE

  • Original cataloging agency: OSt
  • Transcribing agency: OSt

110 2# - HEADING--CORPORATE NAME

  • Corporate name or jurisdiction name as entry element: United Kingdom
  • Subordinate unit: Parliament
  • Subordinate unit: House of Commons
  • Subordinate unit: Select Committee for Work and Pensions

670 ## - SOURCE DATA FOUND

  • Source citation: The role of the Health and Safety Commission and the Health and Safety Executive in regulating workplace health and safety, 2008